| 000 | 00350nam a22001217a 4500 | ||
|---|---|---|---|
| 008 | 160426b xxu||||| |||| 00| 0 eng d | ||
| 020 | _a9780721697659 | ||
| 020 | _a0721697658 | ||
| 041 | _aeng | ||
| 080 | _a618.2 | ||
| 245 |
_aVirtual clincal excursions fundamentals of nursing; _cHelen Harkreader; Marita T. Peppard; Micheal Kelly; |
||
| 942 |
_2udc _cBK |
||
| 999 |
_c1618 _d1618 |
||